Music Quiz

Random Music or Album Quiz

Metallica Songs Quiz Stats

 Plays Quiz Updated Dec 17, 2018

Support Sporcle.
Go Orange.
Score 0/107 Timer 13:00
7 Plays Today
Album Song % Correct
Master of PuppetsMaster of Puppets
93.1%
Metallica (Black Album)Enter Sandman
89.3%
Ride the LightningRide the Lightning
87.8%
…And Justice for AllOne
86.6%
…And Justice for All…And Justice for All
82.2%
Metallica (Black Album)The Unforgiven
82%
Master of PuppetsBattery
79.7%
St. AngerSt. Anger
78%
Ride the LightningFade to Black
77.2%
Ride the LightningFor Whom the Bell Tolls
76.4%
Kill 'Em AllSeek & Destroy
75.8%
Hardwired... to Self-DestructHardwired
75.6%
Metallica (Black Album)Nothing Else Matters
74.7%
Master of PuppetsOrion
74.5%
ReLoadThe Unforgiven II
74.4%
Master of PuppetsWelcome Home (Sanitarium)
73.7%
Metallica (Black Album)Sad but True
72.2%
Kill 'Em AllThe Four Horsemen
72.1%
…And Justice for AllBlackened
71.4%
ReLoadFuel
70.7%
Ride the LightningThe Call of Ktulu
69%
Ride the LightningCreeping Death
68.8%
Death MagneticThe Unforgiven III
68.5%
Ride the LightningFight Fire with Fire
68.4%
Kill 'Em AllHit the Lights
68.4%
Ride the LightningTrapped Under Ice
67.1%
Kill 'Em AllWhiplash
63.9%
Master of PuppetsDamage, Inc.
63.8%
Master of PuppetsThe Thing That Should Not Be
63.3%
Hardwired... to Self-DestructMoth Into Flame
62.9%
Hardwired... to Self-DestructAtlas, Rise!
62.3%
…And Justice for AllHarvester of Sorrow
61.9%
Metallica (Black Album)Wherever I May Roam
61.7%
Kill 'Em All(Anesthesia) Pulling Teeth
61.5%
Master of PuppetsDisposable Heroes
60.7%
Master of PuppetsLeper Messiah
60.5%
Album Song % Correct
Hardwired... to Self-DestructSpit Out the Bone
59.5%
Metallica (Black Album)Of Wolf and Man
59%
Ride the LightningEscape
58.8%
St. AngerFrantic
58.5%
…And Justice for AllDyers Eve
58.3%
Kill 'Em AllMetal Militia
57.3%
Kill 'Em AllMotorbreath
57.2%
LoadKing Nothing
56.9%
Death MagneticThe Day That Never Comes
56.8%
Kill 'Em AllJump in the Fire
55.8%
…And Justice for AllThe Shortest Straw
55.4%
ReLoadThe Memory Remains
54.8%
…And Justice for AllTo Live Is to Die
54.5%
Load2 x 4
53.5%
Death MagneticCyanide
53.4%
Kill 'Em AllPhantom Lord
52.4%
…And Justice for AllEye of the Beholder
52.2%
Metallica (Black Album)The God That Failed
51.9%
LoadAin't My Bitch
51.8%
Metallica (Black Album)Holier Than Thou
51.5%
Metallica (Black Album)Don't Tread on Me
51.5%
Death MagneticAll Nightmare Long
51.2%
Kill 'Em AllNo Remorse
50.2%
Hardwired... to Self-DestructHalo on Fire
50%
…And Justice for AllThe Frayed Ends of Sanity
50%
Metallica (Black Album)My Friend of Misery
49.7%
Metallica (Black Album)Through the Never
49.2%
Hardwired... to Self-DestructNow That We're Dead
48.3%
LoadUntil It Sleeps
48.2%
Hardwired... to Self-DestructManUNkind
47.6%
St. AngerSome Kind of Monster
47.4%
Hardwired... to Self-DestructConfusion
45.9%
Hardwired... to Self-DestructMurder One
45.9%
LoadMama Said
45.1%
Death MagneticThat Was Just Your Life
44.3%
Metallica (Black Album)The Struggle Within
44.3%
Album Song % Correct
LoadHero of the Day
44.1%
ReLoadFixxxer
44.1%
Hardwired... to Self-DestructAm I Savage?
43.6%
Death MagneticThe Judas Kiss
42.9%
Death MagneticMy Apocalypse
42.6%
Death MagneticSuicide & Redemption
42.3%
Hardwired... to Self-DestructHere Comes Revenge
41.9%
Death MagneticBroken, Beat & Scarred
41.8%
Hardwired... to Self-DestructDream No More
41.5%
Death MagneticThe End of the Line
40.6%
LoadThe Outlaw Torn
40.6%
LoadBleeding Me
40.1%
LoadRonnie
39.1%
LoadThe House Jack Built
38.9%
St. AngerInvisible Kid
38.2%
St. AngerSweet Amber
36.1%
ReLoadDevil's Dance
36%
St. AngerDirty Window
35.8%
LoadCure
32.9%
St. AngerThe Unnamed Feeling
31.2%
St. AngerAll Within My Hands
30.9%
ReLoadLow Man's Lyric
30.9%
LoadThorn Within
30.6%
St. AngerPurify
29.9%
ReLoadWhere the Wild Things Are
29.6%
St. AngerShoot Me Again
29.3%
ReLoadCarpe Diem Baby
29.1%
ReLoadPrince Charming
28.9%
LoadWasting My Hate
28.4%
ReLoadSlither
28.3%
ReLoadBad Seed
28.3%
ReLoadAttitude
28.2%
St. AngerMy World
27%
LoadPoor Twisted Me
26.9%
ReLoadBetter than You
26.3%

From the Vault

US Presidents To-Do Lists III

by Thebiguglyalien

History 6m
Note to self: Pass some laws, then play more Sporcle quizzes.
Remove Ads.
Support Sporcle.
Get the best of Sporcle when you Go Orange. This ad-free experience offers more features, more stats, and more fun while also helping to support Sporcle. Thank you for becoming a member.

Show Comments

Extras

Top Quizzes Today


Score Distribution

Your Account Isn't Verified!

In order to create a playlist on Sporcle, you need to verify the email address you used during registration. Go to your Sporcle Settings to finish the process.

Report this User

Report this user for behavior that violates our Community Guidelines.

Details: